Quiz Formule 1 Expert #1 - Statistiques

Statistiques générales
  • Ce quiz a été pris 417 fois
  • Le résultat moyen est 5 sur 20
Statistiques - réponses
Question Réponse % Correct
Avec combien de points Mercedes détient le record du nombre de points en une saison (2016) ? 765
46%
Quel est le meilleur résultat obtenu par Esteban Ocon chez Manor ? 12
41%
Quel pole a été la plus serré au GP de France au Castellet ? Alain Prost (1989)
38%
Quel circuit n'a jamais eu de GP de Formule 1 ? Zwartkops
38%
Sur quel GP l'écurie Haas est-elle la plus performante ? Autriche
30%
Dans quel pays Aston Martin n'a jamais couru deux fois ? France
29%
Quel est le plus petit écart entre deux écuries pour le Championnat Constructeurs ? 3
27%
Quel nationalité n'a jamais couru pour Mercedes ? Les pilotes privés comptent Irlandaise
27%
Combien de pilotes Mercedes a-t-elle utilisée en 1955 ? 6
25%
Lors de quel GP Carlos Sainz a-t-il marqué ses premiers points avec Renault ? USA 2017
23%
Comment s'appelle le seul pilote de F1 ayant pour nationalité le Liechtenstein ? Rikky von Opel
21%
Quel pilote Ferrari a le record du plus grand nombre de 3e place avec la Scuderria ? Kimi Raikkonen
20%
Lors de quelle année Red Bull n'a-t-elle pas réalisée sa pire performance ? 2007
18%
Avec combien de points Cooper Climax détient le record du plus petit nombre de points pour un Champion du Monde Constructeurs (1959) ? 40
14%
En quelle année Alfa Roméo a-t-elle réalisée sa meilleure performance au Championnat Constructeurs ? 1983
13%
Sur quel circuit Alpha Tauri n'a jamais fait de Q3 ? Belgique
13%
Quel a été la durée du plus long Gp de France ? 3hr 22m 11.000s
11%
En quelle année la pole position à Monaco s'est jouée pour plus de 2s ? 1950
9%
Quel pilote Mclaren a le record du plus grand nombre de DnF ? Mika Hakkinen
7%
A quel année la course au Castellet a-t-elle été la plus longue ? 1971
4%
Aucun quiz correspondant
Distribution des résultats
% des personnes avec chaque résultat
Percentile par nombre de réponses
Votre historique - résultats
Vous n’avez pas pris ce quiz